000 00628nam a22001817a 4500
999 _c194857
_d194857
005 20230124105326.0
010 _aENG-136046
020 _a9788125062899
_c995.00
035 _aEN-119578
037 _bDBAD/PUB
082 _a616.39800954
100 _aSolomon, Harris
245 _aMetabolic Living:
_bFood, Fat and the Absorption of Illness In India/
_cby Harris Solomon
260 _aHyderabad
_bOrient Blackswan Private Limited
_c2016
270 _a3-6-752 Himayatnagar
_bHyderabad
_e500029
_mcentraloffice@orientblackswan.com
300 _a292p.
_bIndex
_c24cm(hbk)
942 _2ddc
_cEN
_h616.39800954
_mSOL